| 000 -ლიდერი |
| ფიქსირებული სიგრძის საკონტროლო ველი |
01855nam a2200313Ia 4500 |
| 001 - საკონტროლო ნომერი |
| საკონტროლო ველი |
21862 |
| 003 - საკონტროლო ნომრის იდენტიფიკატორი |
| საკონტროლო ველი |
GE_BSU |
| 005 - ბოლო ოპერაციის თარიღი და დრო |
| საკონტროლო ველი |
20220615153553.0 |
| 008 - ფიქსირებული სიგრძის მონაცემთა ელემენტები - ზოგადი ინფორმაცია |
| ფიქსირებული სიგრძის საკონტროლო ველი |
181216s ||||ge |||||||||||||| ||geo|| |
| 020 ## - წიგნის საერთაშორისო სტანდარტული ნომერი |
| International Standard Book Number |
9781847105653 (ინგლ. გამოც.) |
| 040 ## - კატალოგიზაციის წყარო |
| Transcribing agency |
GE_BSU |
| 041 ## - ენის კოდი |
| Language code of text/sound track or separate title |
geo |
| 080 ## - უნივერსალური ათობითი კლასიფიკაციის ინდექსი |
| Universal Decimal Classification number |
657.15(076.1) ფ-59 |
| 245 ## - ცნობა სათაურის შესახებ |
| Title |
ფინანსური ანგარიშგება წიგნი F7 : |
| Remainder of title |
საგამოცდო სავარჯიშოების კრებული - პროფესიული გამოცდები / |
| Statement of responsibility, etc |
წიგნის თარგმანზე და გამოცემაზე მუშაობდნენ : მთარგმნ. ბ. ალავერდაშვილი ; ექპერტი და რედ. ე. თევზაძე. |
| 264 ## - წარმოების, გამოცემის, დისტრიბუციის და სხვა ცნობები |
| გამოცემის, წარმოების, დისტრიბუციის... ადგილი |
თბილისი : |
| გამოცემის, წარმოების, დისტრიბუციის... სახელწოდება |
დანი, |
| გამოცემის, წარმოების, დისტრიბუციის... თარიღი |
2009. |
| 300 ## - ფიზიკური აღწერა |
| Extent |
343 გვ. ; |
| Dimensions |
29 სმ. |
| 490 ## - სერიის ცნობა |
| Series statement |
ACCA ინგლისისა და უელსის ნაფიც სერტიფიცირებულ ბუღალტერთა ასოციაცია |
| 546 ## - LANGUAGE NOTE |
| Language note |
პარალელური სათაური ინგლისურ ენაზე |
| 653 ## - INDEX TERM--UNCONTROLLED |
| Uncontrolled term |
ეკონომიკა |
| 653 ## - INDEX TERM--UNCONTROLLED |
| Uncontrolled term |
ბუღალტერია |
| 653 ## - INDEX TERM--UNCONTROLLED |
| Uncontrolled term |
პროფესიული გამოცდები |
| 653 ## - INDEX TERM--UNCONTROLLED |
| Uncontrolled term |
ფინანსური ანგარიშგება |
| 653 ## - INDEX TERM--UNCONTROLLED |
| Uncontrolled term |
წიგნი F7 |
| 653 ## - INDEX TERM--UNCONTROLLED |
| Uncontrolled term |
საგამოცდო სავარჯიშოების კრებული |
| 700 ## - ADDED ENTRY--PERSONAL NAME |
| Personal name |
ალავერდაშვილი, ბ. |
| Relator term |
მთარგმნელი |
| 9 (RLIN) |
14086 |
| 700 ## - ADDED ENTRY--PERSONAL NAME |
| Personal name |
თევზაძე, ე. |
| Relator term |
რედაქტორი |
| 9 (RLIN) |
14087 |
| 942 ## - ADDED ENTRY ELEMENTS (KOHA) |
| Koha item type |
წიგნი |
| Source of classification or shelving scheme |
|